00381nam a2200109Ia 4500008004100000041000800041100002300049245010800072260004900180300000900229700003300238250110s9999 xx 000 0 und d aeng aVishwakarma Trupti aIntegrated Landscape Approach For Issues Triggered By Urban Development In City Of Kharghar Navi Mumbai bBNCA M Arch Digital ArchitectureaPunec2021 a147p aGuide Name:Khatavkar Anupama